| 000 | 00344nam a2200121Ia 4500 | ||
|---|---|---|---|
| 008 | 230917s9999||||xx |||||||||||||| ||und|| | ||
| 040 |
_e158807 _aMAIN |
||
| 041 | _aEnglish | ||
| 082 | _a491.25 A67A | ||
| 100 | _aAjmer Singh | ||
| 245 | 0 | _aAbhidha lakshana, vyanjana vritiyon ka vyakaran aur sahitya ke adhar par tulnatmak adhyayan | |
| 942 | _cTH | ||
| 999 |
_c87616 _d87616 |
||